Бюллетень / (Record no. 533896)
[ view plain ]
| 000 -LEADER | |
|---|---|
| fixed length control field | 00659nam a2200205 a 4500 |
| 003 - CONTROL NUMBER IDENTIFIER | |
| control field | AM-YeHGA |
| 005 - DATE AND TIME OF LATEST TRANSACTION | |
| control field | 20250617165042.0 |
| 008 - FIXED-LENGTH DATA ELEMENTS--GENERAL INFORMATION | |
| fixed length control field | 250331s1923 ru |||||||||||||||0|rus|d |
| 040 ## - CATALOGING SOURCE | |
| Original cataloging agency | AM-YeHGA |
| 041 0# - LANGUAGE CODE | |
| Language code of text/sound track or separate title | rus |
| 001 - CONTROL NUMBER | |
| control field | 2013098 |
| 090 ## - LOCALLY ASSIGNED LC-TYPE CALL NUMBER (OCLC); LOCAL CALL NUMBER (RLIN) | |
| -- | 573345 |
| 110 1# - MAIN ENTRY--CORPORATE NAME | |
| Corporate name or jurisdiction name as entry element | РСФСР. |
| Subordinate unit | ЦИК. |
| -- | Созыв. |
| -- | Сессия |
| Number of part/section/meeting | (11; |
| -- | 2) |
| 245 10 - TITLE STATEMENT | |
| Title | Бюллетень / |
| Statement of responsibility, etc. | Всерос. центр. испол. ком. X созыва. 3-я сессия. |
| 260 ## - PUBLICATION, DISTRIBUTION, ETC. | |
| Place of publication, distribution, etc. | Москва : |
| Name of publisher, distributor, etc. | ВЦИК, |
| Date of publication, distribution, etc. | 1923. |
| 300 ## - PHYSICAL DESCRIPTION | |
| Extent | номер |
| 505 10 - FORMATTED CONTENTS NOTE | |
| Miscellaneous information | № 3 (С. 97-134) |
| -- | № 4 (С. 135-172) |
| -- | № 5 (С. 173-191) |
| 650 1# - SUBJECT ADDED ENTRY--TOPICAL TERM | |
| Topical term or geographic name entry element | История КПСС |
| 942 ## - ADDED ENTRY ELEMENTS (KOHA) | |
| Source of classification or shelving scheme | Universal Decimal Classification |
| Koha item type | Գրքեր / Books |
| Withdrawn status | Lost status | Source of classification or shelving scheme | Damaged status | Not for loan | Collection | Home library | Current library | Date acquired | Serial enumeration / chronology | Total checkouts | Full call number | Barcode | Date last seen | Price effective from | Koha item type | Public note |
|---|---|---|---|---|---|---|---|---|---|---|---|---|---|---|---|---|
| Universal Decimal Classification | Kusikian Individual Collection | Fundamental Scientific Library | Fundamental Scientific Library | 31/03/2025 | № 3 | Кус/2116 | FL0688110 | 31/03/2025 | 31/03/2025 | Գրքեր / Books | ILL Non-Circ. | |||||
| Universal Decimal Classification | Kusikian Individual Collection | Fundamental Scientific Library | Fundamental Scientific Library | 31/03/2025 | № 4 | Кус/2117 | FL0688111 | 31/03/2025 | 31/03/2025 | Գրքեր / Books | ILL Non-Circ. | |||||
| Universal Decimal Classification | Kusikian Individual Collection | Fundamental Scientific Library | Fundamental Scientific Library | 31/03/2025 | № 5 | Кус/2118 | FL0688112 | 31/03/2025 | 31/03/2025 | Գրքեր / Books | ILL Non-Circ. |
ՀՀ Գիտությունների ազգային ակադեմիայի հիմնարար գիտական գրադարան = Fundamental Scientific Library of NAS RA
All site content, except where otherwise noted, is licensed under a